[Event "Irish New Year Events-GM 2020"]
[Site "Dublin"]
[Date "2020.01.05"]
[Round "6.3"]
[White "Pajeken, Jakob Leon"]
[Black "Brady, Stephen"]
[Result "1-0"]
[WhiteElo "2327"]
[BlackElo "2285"]
[Annotator "NA"]
[PlyCount "45"]
[EventDate "2020.01.02"]
[EventType "tourn"]
[EventCountry "IRL"]
[SourceTitle "playchess.com"]
[Source "ChessBase"]
[SourceQuality "1"]
[TimeControl "40/5400+30:1800+30"]

1. d4 {[%emt 0:00:00]} Nf6 {[%emt 0:00:00]} 2. Nf3 {[%emt 0:00:00]} e6 {[%emt 0:00:00]} 3. Bf4 {[%emt 0:00:00]} b6 {[%emt 0:00:00]} 4. Nbd2 {[%emt 0:00:23]} Bb7 {[%emt 0:00:08]} 5. e3 {[%emt 0:00:34]} Be7 {[%emt 0:00:24]} 6. h3 {[%emt 0:00:23]} O-O {[%emt 0:00:28]} 7. Bd3 {[%emt 0:01:02]} c5 {[%emt 0:00:14]} 8. c3 {[%emt 0:00:34]} Nc6 {[%emt 0:00:13]} 9. O-O {[%emt 0:01:10]} d6 {[%emt 0:11:19]} 10. Qe2 {[%emt 0:01:55]} Re8 {[%emt 0:09:37]} 11. Rfd1 {[%emt 0:04:50]} cxd4 {[%emt 0:03:20]} 12. exd4 {[%emt 0:01:15]} Bf8 {[%emt 0:00:33]} 13. Nc4 {[%emt 0:10:52]} Ba6 {[%emt 0:18:44]} 14. Bg5 {[%emt 0:07:01]} d5 {[%emt 0:00:26]} 15. Nce5 {[%emt 0:01:06]} Bxd3 {[%emt 0:00:09]} 16. Rxd3 {[%emt 0:00:42]} Qc7 {[%emt 0:05:46]} 17. Nxc6 {[%emt 0:00:36]} Qxc6 {[%emt 0:00:07]} 18. Ne5 {[%emt 0:00:25]} Qc7 {[%emt 0:01:02]} 19. Bxf6 {[%emt 0:00:24]} gxf6 {[%emt 0:00:07]} 20. Rg3+ {[%emt 0:00:19]} Kh8 {[%emt 0:00:10]} 21. Qg4 {[%emt 0:02:36]} Bh6 {[%emt 0:00:08]} 22. Qh5 {[%emt 0:00:12]} fxe5 {[%emt 0:02:44]} 23. Qxh6 {[%emt 0:00:50]} 1-0

[Event "Irish New Year Events-GM 2020"]
[Site "Dublin"]
[Date "2020.01.05"]
[Round "6.4"]
[White "Pert, Nicholas"]
[Black "Pang, Khai Jie Ryan"]
[Result "1-0"]
[WhiteElo "2558"]
[BlackElo "1841"]
[Annotator "TA"]
[PlyCount "51"]
[EventDate "2020.01.02"]
[EventType "tourn"]
[EventCountry "IRL"]
[SourceTitle "playchess.com"]
[Source "ChessBase"]
[SourceQuality "1"]

{[%evp 9,65,0,10,2,4,-10,0,0,0,0,7,-8,46,14,44,33,37,44,40,24,36,29,65,65,71,74,60,62,54,54,129,140,139,143,167,170,247,237,691,680,668,653,1075,1072,1036,1013,991,990,943,936,913,913,885,879,891,886,2432,2255]} 1. d4 Nf6 2. Nf3 e6 3. Bf4 d5 4. e3 Bd6 5. Bg3 c5 6. Nbd2 {D02: 1 d4 d5 2 Nf3 sidelines, including 2...Nf6 3 g3 and 2...Nf6 3 Bf4} O-O 7. c3 Qc7 8. dxc5 {The position is equal.} (8. Bd3 Nbd7 9. Qe2 e5 10. dxe5 Nxe5 11. Nxe5 Bxe5 12. Bh4 Bg4 13. Nf3 Ne4 14. h3 Be6 15. Nxe5 Qxe5 16. f4 Qc7 {0-1 (33) Abasov,N (2632)-Dominguez Perez,L (2763) Khanty-Mansiysk 2019}) 8... Qxc5 9. Bd3 Bxg3 10. hxg3 Nc6 ({Better is} 10... h6 $11) 11. e4 {Threatens to win with e5.} (11. g4 $5 g6 12. g5 $11) 11... dxe4 $146 ({Predecessor:} 11... g6 12. Qe2 Qb6 13. O-O-O Ng4 14. Rdf1 h5 15. Ng5 d4 16. f3 dxc3 17. bxc3 {0-1 (29) Shvyrjov,I (2372)-Kanep,M (2440) Viljandi 2018}) 12. Nxe4 Nxe4 13. Bxe4 h6 14. g4 Ne5 15. Rh5 Nxf3+ 16. Qxf3 f5 17. gxf5 {[%mdl 64] Overworked Piece} exf5 18. Bd5+ Kh8 19. O-O-O $36 {[%mdl 2048] Black is under pressure.} Bd7 (19... Qe7 $14) 20. Qf4 $16 {Intending Rxh6+! and mate.} Rf6 21. Bxb7 Rd8 22. g4 {Strongly threatening Rxf5!} Qe7 (22... Qa5 {was worth a try.} 23. a3 Be6) 23. Qc7 $18 ({Not} 23. gxf5 Rdf8 $14) 23... fxg4 $2 (23... Rf7 24. Bc6 fxg4) 24. Re5 {White is clearly winning.} Qf8 25. Rxd7 Rb8 {[#]} 26. Ree7 {Played: Rd7xg7} 1-0

[Event "Irish New Year Events-GM 2020"]
[Site "Dublin"]
[Date "2020.01.05"]
[Round "6.4"]
[White "Pert, Nicholas"]
[Black "Ryan, Joseph"]
[Result "1-0"]
[WhiteElo "2558"]
[BlackElo "2293"]
[Annotator "TA"]
[PlyCount "51"]
[EventDate "2020.01.02"]
[EventType "tourn"]
[EventCountry "IRL"]
[SourceTitle "playchess.com"]
[Source "ChessBase"]
[SourceQuality "1"]

{[%evp 9,65,-8,21,0,6,-6,0,0,0,-7,0,-10,45,0,32,28,31,43,42,31,49,26,58,61,62,66,54,56,75,75,158,144,139,141,180,174,262,263,676,664,614,624,1072,1064,1052,1045,1037,1035,1007,987,966,965,821,742,883,881,943,862]} 1. d4 Nf6 2. Nf3 e6 3. Bf4 d5 4. e3 Bd6 5. Bg3 c5 6. Nbd2 {D02: 1 d4 d5 2 Nf3 sidelines, including 2...Nf6 3 g3 and 2...Nf6 3 Bf4} O-O 7. c3 Qc7 8. dxc5 {The position is equal.} (8. Bd3 Nbd7 9. Qe2 e5 10. dxe5 Nxe5 11. Nxe5 Bxe5 12. Bh4 Bg4 13. Nf3 Ne4 14. h3 Be6 15. Nxe5 Qxe5 16. f4 Qc7 {0-1 (33) Abasov,N (2632)-Dominguez Perez,L (2763) Khanty-Mansiysk 2019}) 8... Qxc5 9. Bd3 Bxg3 10. hxg3 Nc6 (10... h6 $11) 11. e4 {And now e5 would win.} (11. g4 $5) 11... dxe4 $146 ({Predecessor:} 11... g6 12. Qe2 Qb6 13. O-O-O Ng4 14. Rdf1 h5 15. Ng5 d4 16. f3 dxc3 17. bxc3 {0-1 (29) Shvyrjov,I (2372)-Kanep,M (2440) Viljandi 2018}) 12. Nxe4 Nxe4 13. Bxe4 h6 $1 14. g4 Ne5 15. Rh5 $36 {[%mdl 2048] White is pushing.} Nxf3+ 16. Qxf3 f5 17. gxf5 {[%mdl 64] Overworked Piece} exf5 18. Bd5+ Kh8 19. O-O-O Bd7 (19... a5 $142) 20. Qf4 {Intending Rxh6+! and mate.} Rf6 21. Bxb7 Rd8 22. g4 {aiming for Rxf5!} Qe7 (22... Qa5 {keeps fighting.} 23. a3 Be6) 23. Qc7 $18 ({Less strong is} 23. gxf5 Be6 $14) 23... fxg4 $2 (23... Rf7 24. Bc6 Kh7 25. Bxd7 Rxd7 26. Qxd7 Qxd7 27. Rxd7 Rxd7) 24. Re5 {White is clearly winning.} Qf8 25. Rxd7 Rb8 {[#]} 26. Ree7 {Played: Rd7xg7} 1-0

[Event "Irish New Year Events-GM 2020"]
[Site "Dublin"]
[Date "2020.01.05"]
[Round "6.5"]
[White "Fitzsimons, David"]
[Black "Astaneh Lopez, Alex"]
[Result "0-1"]
[WhiteElo "2317"]
[BlackElo "2432"]
[Annotator "ChessBase"]
[PlyCount "126"]
[EventDate "2020.01.02"]
[EventType "tourn"]
[EventCountry "IRL"]
[SourceTitle "playchess.com"]
[Source "ChessBase"]
[SourceQuality "1"]
[TimeControl "40/5400+30:1800+30"]

1. e4 {[%emt 1:30:30]} c5 {[%emt 0:03:29]} 2. Nc3 {[%emt 0:00:00]} Nc6 {[%emt 0:01:31]} 3. Bb5 {[%emt 0:00:00]} g6 {[%emt 0:00:46]} 4. Bxc6 {[%emt 0:00:00]} dxc6 {[%emt 0:01:08]} 5. d3 {[%emt 0:00:00]} Bg7 {[%emt 0:00:20]} 6. Be3 {[%emt 0:00:00]} b6 {[%emt 0:00:25]} 7. Qd2 {[%emt 0:00:00]} e5 {[%emt 0:01:40]} 8. f4 {[%emt 0:00:00]} Qh4+ {[%emt 0:06:43]} 9. g3 {[%emt 0:00:00]} Qg4 {[%emt 0:02:53]} 10. Nge2 {[%emt 0:00:00]} exf4 {[%emt 0:01:45]} 11. Bxf4 {[%emt 0:00:00]} Qe6 {[%emt 0:03:39]} 12. O-O {[%emt 0:00:00]} Nf6 {[%emt 0:04:02]} 13. Bh6 {[%emt 0:00:00]} O-O {[%emt 0:04:29]} 14. Bxg7 {[%emt 0:00:00]} Kxg7 {[%emt 0:00:03]} 15. Rf4 {[%emt 0:00:00]} Qe5 {[%emt 0:10:48]} 16. Raf1 {[%emt 0:00:00]} Ng8 {[%emt 0:00:43]} 17. Kg2 {[%emt 0:00:00]} Be6 {[%emt 0:02:14]} 18. Ng1 {[%emt 0:00:00]} f6 {[%emt 0:02:12]} 19. Nf3 {[%emt 0:00:00]} Qc7 {[%emt 0:00:05]} 20. Nd1 {[%emt 0:00:00]} Rae8 {[%emt 0:10:15]} 21. Qc3 {[%emt 0:00:00]} h6 {[%emt 0:00:51]} 22. h4 {[%emt 0:00:00]} Qd7 {[%emt 0:00:44]} 23. Kh2 {[%emt 0:00:00]} Rf7 {[%emt 0:00:08]} 24. Ne3 {[%emt 0:00:00]} Kh7 {[%emt 0:03:53]} 25. Nc4 {[%emt 0:00:00]} Ref8 {[%emt 0:01:54]} 26. Nfe5 {[%emt 0:01:32]} fxe5 {[%emt 0:00:52]} 27. Nxe5 {[%emt 0:00:13]} Rxf4 {[%emt 0:07:34]} 28. Nxd7 {[%emt 0:00:14]} Rxf1 {[%emt 0:00:02]} 29. Nxf8+ {[%emt 0:00:08]} Rxf8 {[%emt 0:00:03]} 30. Qe5 {[%emt 0:00:48]} Re8 {[%emt 0:01:01]} 31. Qc7+ {[%emt 0:01:31]} Re7 {[%emt 0:00:14]} 32. Qxc6 {[%emt 0:01:30]} Bxa2 {[%emt 0:00:31]} 33. Kg1 {[%emt 0:01:33]} Bb1 {[%emt 0:10:55]} 34. Qa4 {[%emt 0:00:25]} b5 {[%emt 0:04:46]} 35. Qb3 {[%emt 0:03:23]} a6 {[%emt 0:00:56]} 36. Kf2 {[%emt 0:00:04]} c4 {[%emt 0:01:06]} 37. dxc4 {[%emt 0:01:05]} Nf6 {[%emt 0:02:10]} 38. cxb5 {[%emt 0:01:14]} axb5 {[%emt 0:00:23]} 39. Qb4 {[%emt 0:01:04]} Re5 {[%emt 0:03:03]} 40. Qd4 {[%emt 0:01:04]} Bxc2 {[%emt 0:00:48]} 41. Qa7+ {[%emt 0:30:30]} Kg8 {[%emt 0:30:40]} 42. Qb8+ {[%emt 0:00:42]} Re8 {[%emt 0:00:29]} 43. Qxb5 {[%emt 0:00:26]} Bxe4 {[%emt 0:00:12]} 44. Kg1 {[%emt 0:00:34]} Kf7 {[%emt 0:03:25]} 45. g4 {[%emt 0:00:27]} Rd8 {[%emt 0:02:12]} 46. g5 {[%emt 0:00:45]} hxg5 {[%emt 0:00:10]} 47. hxg5 {[%emt 0:00:17]} Nd5 {[%emt 0:01:08]} 48. Qc4 {[%emt 0:00:50]} Bf5 {[%emt 0:00:16]} 49. Kf2 {[%emt 0:00:03]} Be6 {[%emt 0:00:14]} 50. Qc5 {[%emt 0:00:13]} Rd7 {[%emt 0:00:09]} 51. Kf3 {[%emt 0:00:23]} Rb7 {[%emt 0:01:25]} 52. Qd4 {[%emt 0:00:04]} Rb3+ {[%emt 0:00:13]} 53. Kf2 {[%emt 0:00:18]} Ke7 {[%emt 0:01:08]} 54. Qg7+ {[%emt 0:00:19]} Bf7 {[%emt 0:00:01]} 55. Qe5+ {[%emt 0:00:06]} Kd7 {[%emt 0:00:07]} 56. Ke2 {[%emt 0:00:21]} Re3+ {[%emt 0:00:26]} 57. Kf2 {[%emt 0:05:54]} Rb3 {[%emt 0:05:11]} 58. Qg7 {[%emt 0:00:30]} Ke6 {[%emt 0:00:30]} 59. Qd4 {[%emt 0:00:30]} Kd6 {[%emt 0:00:30]} 60. Ke2 {[%emt 0:00:30]} Be6 61. Kf2 {[%emt 0:00:30]} Bf7 62. Qg7 Ke6 {[%emt 0:01:30]} 63. Qd4 {[%emt 0:01:00]} Kf5 {[%emt 0:00:30]} 0-1

[Event "Irish New Year Events-GM 2020"]
[Site "Dublin"]
[Date "2020.01.05"]
[Round "7.1"]
[White "Collins, Sam E."]
[Black "Fitzsimons, David"]
[Result "1-0"]
[WhiteElo "2446"]
[BlackElo "2317"]
[Annotator "ChessBase"]
[PlyCount "37"]
[EventDate "2020.01.02"]
[EventType "tourn"]
[EventCountry "IRL"]
[SourceTitle "playchess.com"]
[Source "ChessBase"]
[SourceQuality "1"]
[TimeControl "5400+30"]

1. e4 {[%emt 0:00:00]} c5 {[%emt 0:00:00]} 2. Nf3 {[%emt 0:01:04]} d6 {[%emt 0:00:00]} 3. Bb5+ {[%emt 0:02:19]} Bd7 {[%emt 0:00:03]} 4. Bxd7+ {[%emt 0:00:30]} Nxd7 {[%emt 0:00:14]} 5. O-O {[%emt 0:00:35]} Ngf6 {[%emt 0:00:10]} 6. Re1 {[%emt 0:00:39]} e6 {[%emt 0:00:49]} 7. b3 {[%emt 0:01:39]} Be7 {[%emt 0:01:41]} 8. Bb2 {[%emt 0:00:29]} O-O {[%emt 0:01:42]} 9. d4 {[%emt 0:02:05]} cxd4 {[%emt 0:00:50]} 10. Bxd4 {[%emt 0:03:23]} b5 {[%emt 0:03:53]} 11. Nbd2 {[%emt 0:02:18]} Qc7 {[%emt 0:01:54]} 12. c4 {[%emt 0:02:25]} Qb7 {[%emt 0:04:36]} 13. Qe2 {[%emt 0:07:34]} bxc4 {[%emt 0:05:32]} 14. Nxc4 {[%emt 0:03:19]} a5 {[%emt 0:01:52]} 15. Rab1 {[%emt 0:10:24]} Rfc8 {[%emt 0:02:48]} 16. e5 {[%emt 0:11:00]} dxe5 {[%emt 0:00:40]} 17. Nfxe5 {[%emt 0:01:20]} Rd8 {[%emt 0:11:34]} 18. Nxf7 {[%emt 0:47:57]} Rdc8 19. Nfe5 1-0

[Event "Irish New Year Events-GM 2020"]
[Site "Dublin"]
[Date "2020.01.05"]
[Round "7.2"]
[White "Kosten, Anthony C."]
[Black "Pert, Nicholas"]
[Result "1/2-1/2"]
[WhiteElo "2402"]
[BlackElo "2558"]
[Annotator "TA"]
[PlyCount "65"]
[EventDate "2020.01.02"]
[EventType "tourn"]
[EventCountry "IRL"]
[SourceTitle "playchess.com"]
[Source "ChessBase"]
[SourceQuality "1"]

{[%evp 9,65,7,18,21,14,11,24,7,31,33,48,32,40,23,16,17,8,4,21,7,23,20,9,10,24,15,19,6,15,0,12,9,19,13,10,8,10,3,9,0,17,0,18,19,23,30,23,18,18,21,23,19,38,20,36,26,24,27]} 1. c4 e5 2. g3 Nf6 3. Bg2 c6 4. Nf3 e4 5. Nd4 Qb6 6. Nb3 {A20: English Opening: 1...e5} a5 {[#] Strongly threatening ...a4.} 7. d3 a4 ({Predecessor:} 7... d5 8. cxd5 a4 9. N3d2 cxd5 10. O-O exd3 11. exd3 {0-1 (36) Romanov,E (2612)-Nikitenko,M (2408) Skopje 2019}) 8. N3d2 $1 exd3 $146 (8... Bc5 {looks sharper.} 9. O-O e3 10. fxe3 Bxe3+ 11. Kh1 O-O) (8... Bc5 9. O-O e3 10. fxe3 Bxe3+ 11. Kh1 Ng4 12. Ne4 O-O 13. Nbc3 {½-½ (36) So,W (2776)-Caruana,F (2818) Saint Louis 2019}) 9. O-O Be7 10. exd3 d5 11. cxd5 cxd5 12. Nc3 Qa5 13. a3 Nc6 14. b4 axb3 $1 15. Bb2 O-O 16. Nxb3 Qd8 17. h3 Bf5 18. Ne2 Bd6 19. Qd2 Re8 20. Nbd4 Bd7 21. Nb5 Bb8 22. a4 Ne5 (22... Ra6 {is interesting.} 23. Nf4 d4 24. Ne2 Qc8 25. Kh2 h5) 23. Nf4 Ra6 24. Rfe1 h5 25. h4 Bc6 26. Bd4 Neg4 27. Rxe8+ Bxe8 28. Nc3 Bc6 29. Re1 Ba7 30. Bxa7 Rxa7 31. d4 Ra8 32. f3 Nh6 33. Re5 {Accuracy: White = 54%, Black = 66%.} 1/2-1/2

[Event "Irish New Year Events-GM 2020"]
[Site "Dublin"]
[Date "2020.01.05"]
[Round "7.3"]
[White "Ryan, Joseph"]
[Black "Astaneh Lopez, Alex"]
[Result "0-1"]
[WhiteElo "2293"]
[BlackElo "2432"]
[Annotator "RC"]
[PlyCount "144"]
[EventDate "2020.01.02"]
[EventType "tourn"]
[EventCountry "IRL"]
[SourceTitle "playchess.com"]
[Source "ChessBase"]
[SourceQuality "1"]
[TimeControl "5400+30"]

1. e4 {[%emt 0:00:00]} e5 {[%emt 0:08:37]} 2. Nf3 {[%emt 0:00:00]} Nc6 {[%emt 0:00:11]} 3. Bc4 {[%emt 0:00:01]} Bc5 {[%emt 0:00:09]} 4. O-O {[%emt 0:00:18]} Nf6 {[%emt 0:00:04]} 5. d3 {[%emt 0:00:09]} d6 {[%emt 0:00:21]} 6. c3 {[%emt 0:00:10]} O-O {[%emt 0:00:34]} 7. Bb3 {[%emt 0:00:50]} a6 {[%emt 0:01:22]} 8. h3 {[%emt 0:00:35]} h6 {[%emt 0:00:58]} 9. Re1 {[%emt 0:00:34]} Re8 {[%emt 0:01:16]} 10. Nbd2 {[%emt 0:01:41]} Be6 {[%emt 0:00:11]} 11. Nf1 {[%emt 0:00:39]} d5 {[%emt 0:07:33]} 12. Ng3 {[%emt 0:19:03]} dxe4 {[%emt 0:02:59]} 13. Nxe4 {[%emt 0:01:14]} Nxe4 {[%emt 0:12:32]} 14. dxe4 {[%emt 0:02:07]} Qxd1 {[%emt 0:03:04]} 15. Bxd1 {[%emt 0:03:59]} Rad8 {[%emt 0:01:20]} 16. Bc2 {[%emt 0:08:27]} Bb6 {[%emt 0:08:00]} 17. Nd2 {[%emt 0:08:00]} Na5 {[%emt 0:16:45]} 18. Nf1 {[%emt 0:01:45]} Nc4 {[%emt 0:01:01]} 19. b3 {[%emt 0:00:59]} Nd6 {[%emt 0:00:07]} 20. a4 {[%emt 0:03:12]} a5 {[%emt 0:06:27]} 21. Ba3 {[%emt 0:01:33]} Rd7 {[%emt 0:06:01]} 22. Rad1 {[%emt 0:05:06]} Red8 {[%emt 0:01:16]} 23. Re2 {[%emt 0:09:07]} Ne8 {[%emt 0:00:30]} 24. Red2 {[%emt 0:00:30]} Rxd2 {[%emt 0:00:30]} 25. Rxd2 {[%emt 0:00:30]} Ra8 {[%emt 0:05:08]} 26. Rd1 {[%emt 0:01:11]} Nf6 {[%emt 0:02:25]} 27. Nd2 {[%emt 0:00:13]} Nh5 {[%emt 0:03:14]} 28. Kf1 {[%emt 0:02:02]} Nf4 {[%emt 0:01:43]} 29. Nf3 {[%emt 0:01:35]} f6 {[%emt 0:00:06]} 30. Ne1 {[%emt 0:01:58]} Bf7 {[%emt 0:01:15]} 31. Nd3 {[%emt 0:02:52]} Ne6 {[%emt 0:00:11]} 32. Ke2 {[%emt 0:01:56]} Bh5+ {[%emt 0:04:26]} 33. f3 {[%emt 0:00:25]} Kf7 {[%emt 0:00:28]} 34. Nb2 {[%emt 0:04:19]} Ke8 {[%emt 0:00:24]} 35. Nc4 {[%emt 0:01:01]} Bc5 {[%emt 0:00:18]} 36. Bc1 {[%emt 0:08:10]} Bf7 {[%emt 0:01:31]} 37. g3 {[%emt 0:01:11]} Ng5 {[%emt 0:02:53]} 38. Nxa5 {[%emt 0:02:29]} Rxa5 {[%emt 0:00:12]} 39. Bxg5 {[%emt 0:00:36]} hxg5 {[%emt 0:01:13]} 40. b4 {[%emt 0:00:06]} Bc4+ {[%emt 0:00:26]} 41. Kd2 {[%emt 0:02:33]} Ra8 {[%emt 0:00:10]} 42. bxc5 {[%emt 0:00:23]} Rd8+ {[%emt 0:00:03]} 43. Ke3 {[%emt 0:01:22]} Rxd1 {[%emt 0:00:10]} 44. Bxd1 {[%emt 0:00:03]} Kd7 {[%emt 0:00:03]} 45. f4 {[%emt 0:03:42]} gxf4+ {[%emt 0:00:20]} 46. gxf4 {[%emt 0:00:05]} Kc6 {[%emt 0:00:38]} 47. fxe5 {[%emt 0:00:07]} fxe5 {[%emt 0:00:01]} 48. h4 {[%emt 0:03:31]} Kxc5 {[%emt 0:00:18]} 49. Kd2 {[%emt 0:00:24]} Kb6 {[%emt 0:01:03]} 50. Bc2 {[%emt 0:00:49]} Ka5 {[%emt 0:00:19]} 51. Kc1 {[%emt 0:00:09]} Bf7 {[%emt 0:03:17]} 52. Kb2 {[%emt 0:00:14]} Be8 {[%emt 0:00:02]} 53. Ka3 {[%emt 0:00:09]} Bc6 {[%emt 0:00:21]} 54. Bd3 {[%emt 0:01:47]} Bxa4 {[%emt 0:00:09]} 55. Kb2 {[%emt 0:00:53]} Kb6 {[%emt 0:01:51]} 56. Kc1 {[%emt 0:00:23]} Kc5 {[%emt 0:00:07]} 57. Kd2 {[%emt 0:00:07]} Be8 {[%emt 0:00:26]} 58. Be2 {[%emt 0:00:56]} Bg6 {[%emt 0:00:01]} 59. Ke3 {[%emt 0:00:09]} b5 {[%emt 0:00:49]} 60. h5 {[%emt 0:00:23]} Bh7 {[%emt 0:00:25]} 61. Kf3 {[%emt 0:00:55]} b4 {[%emt 0:00:13]} 62. cxb4+ {[%emt 0:00:05]} Kd4 {[%emt 0:00:25]} 63. Kg4 {[%emt 0:00:27]} Kxe4 {[%emt 0:01:16]} 64. Kg5 {[%emt 0:00:09]} Ke3 {[%emt 0:00:28]} 65. Bg4 {[%emt 0:00:49]} e4 {[%emt 0:00:26]} 66. h6 {[%emt 0:00:44]} gxh6+ {[%emt 0:00:10]} 67. Kxh6 {[%emt 0:00:06]} Kf4 {[%emt 0:00:08]} 68. Be2 {[%emt 0:00:36]} Bf5 {[%emt 0:00:05]} 69. Kh5 {[%emt 0:01:09]} Bh3 {[%emt 0:01:49]} 70. Kg6 {[%emt 0:00:37]} Bg4 {[%emt 0:00:16]} 71. Bc4 {[%emt 0:00:17]} e3 {[%emt 0:00:09]} 72. Kf6 {[%emt 0:00:53]} e2 {[%emt 0:00:07]} 0-1

[Event "Irish New Year Events-GM 2020"]
[Site "Dublin"]
[Date "2020.01.05"]
[Round "7.4"]
[White "Brady, Stephen"]
[Black "Turner, Matthew J"]
[Result "1/2-1/2"]
[WhiteElo "2285"]
[BlackElo "2521"]
[Annotator "ChessBase"]
[PlyCount "81"]
[EventDate "2020.01.02"]
[EventType "tourn"]
[EventCountry "IRL"]
[SourceTitle "playchess.com"]
[Source "ChessBase"]
[SourceQuality "1"]
[TimeControl "5400+30"]

1. e4 {[%emt 0:02:37]} c6 {[%emt 0:00:00]} 2. d4 {[%emt 0:00:29]} d5 {[%emt 0:00:00]} 3. e5 {[%emt 0:00:53]} c5 {[%emt 0:00:14]} 4. dxc5 {[%emt 0:00:09]} Nc6 {[%emt 0:00:10]} 5. a3 {[%emt 0:00:44]} e6 {[%emt 0:00:10]} 6. Nf3 {[%emt 0:00:26]} Bxc5 {[%emt 0:00:04]} 7. b4 {[%emt 0:00:08]} Bb6 {[%emt 0:00:03]} 8. Bb2 {[%emt 0:00:21]} Nge7 {[%emt 0:00:31]} 9. Bd3 {[%emt 0:02:29]} Ng6 {[%emt 0:00:33]} 10. O-O {[%emt 0:08:47]} O-O {[%emt 0:00:40]} 11. Re1 {[%emt 0:01:30]} f6 {[%emt 0:00:55]} 12. exf6 {[%emt 0:00:56]} gxf6 {[%emt 0:00:04]} 13. c4 {[%emt 0:02:48]} Nf4 {[%emt 0:00:42]} 14. cxd5 {[%emt 0:08:28]} Qxd5 {[%emt 0:02:35]} 15. Bf1 {[%emt 0:12:15]} e5 {[%emt 0:04:43]} 16. Qxd5+ {[%emt 0:23:27]} Nxd5 {[%emt 0:00:31]} 17. Nbd2 {[%emt 0:00:25]} Be6 {[%emt 0:05:43]} 18. Nc4 {[%emt 0:01:02]} Rad8 {[%emt 0:03:49]} 19. Nxb6 {[%emt 0:00:49]} Nxb6 {[%emt 0:00:27]} 20. Rac1 {[%emt 0:01:16]} Rf7 {[%emt 0:03:42]} 21. Bb5 {[%emt 0:04:40]} Bd5 {[%emt 0:01:31]} 22. Nh4 {[%emt 0:02:28]} a6 {[%emt 0:01:39]} 23. Be2 {[%emt 0:00:16]} Kf8 {[%emt 0:04:56]} 24. f4 {[%emt 0:04:58]} exf4 {[%emt 0:11:01]} 25. Bh5 {[%emt 0:01:43]} Nc4 {[%emt 0:00:36]} 26. Bxf7 {[%emt 0:00:10]} Kxf7 {[%emt 0:00:06]} 27. Re2 {[%emt 0:02:07]} Rg8 {[%emt 0:00:50]} 28. Rxc4 {[%emt 0:08:12]} Bxc4 {[%emt 0:07:47]} 29. Re4 {[%emt 0:00:30]} Bb5 {[%emt 0:00:30]} 30. Rxf4 {[%emt 0:00:30]} Rd8 {[%emt 0:00:30]} 31. Rxf6+ {[%emt 0:00:30]} Ke8 {[%emt 0:00:30]} 32. g4 {[%emt 0:00:30]} Rd1+ {[%emt 0:00:30]} 33. Kg2 {[%emt 0:00:30]} Nd4 {[%emt 0:00:30]} 34. Bxd4 {[%emt 0:00:30]} Rxd4 {[%emt 0:00:30]} 35. Kg3 {[%emt 0:00:30]} Bc6 {[%emt 0:50:28]} 36. Re6+ {[%emt 0:09:57]} Kf7 {[%emt 0:00:30]} 37. Re3 h5 38. gxh5 Kf6 39. Ng6 Rd5 40. h4 Rxh5 41. Nf4 1/2-1/2

[Event "Irish New Year Events-GM 2020"]
[Site "Dublin"]
[Date "2020.01.05"]
[Round "7.5"]
[White "Pajeken, Jakob Leon"]
[Black "Li, Henry"]
[Result "1-0"]
[WhiteElo "2327"]
[BlackElo "2288"]
[Annotator "ChessBase"]
[PlyCount "77"]
[EventDate "2020.01.02"]
[EventType "tourn"]
[EventCountry "IRL"]
[SourceTitle "playchess.com"]
[Source "ChessBase"]
[SourceQuality "1"]
[TimeControl "5400+30"]

1. d4 {[%emt 0:00:00]} Nf6 {[%emt 0:00:38]} 2. Nf3 {[%emt 0:00:00]} g6 {[%emt 0:00:12]} 3. g3 {[%emt 0:00:00]} Bg7 {[%emt 0:00:06]} 4. Bg2 {[%emt 0:00:00]} O-O {[%emt 0:00:10]} 5. O-O {[%emt 0:00:00]} d6 {[%emt 0:00:06]} 6. c4 {[%emt 0:00:00]} Nc6 {[%emt 0:00:11]} 7. Nc3 {[%emt 0:00:02]} e5 {[%emt 0:00:05]} 8. dxe5 {[%emt 0:00:03]} dxe5 {[%emt 0:00:07]} 9. Bg5 {[%emt 0:00:07]} Be6 {[%emt 0:00:05]} 10. Qa4 {[%emt 0:00:05]} Qc8 {[%emt 0:00:31]} 11. Nd2 {[%emt 0:00:09]} Bd7 {[%emt 0:16:15]} 12. Rad1 {[%emt 0:00:47]} Ne8 {[%emt 0:14:18]} 13. Nde4 {[%emt 0:12:40]} Nd4 {[%emt 0:04:46]} 14. Qa3 {[%emt 0:00:31]} f6 {[%emt 0:01:46]} 15. Be3 {[%emt 0:07:06]} Nc2 {[%emt 0:06:41]} 16. Qb3 {[%emt 0:00:50]} Nxe3 {[%emt 0:00:29]} 17. fxe3 {[%emt 0:00:04]} Bc6 {[%emt 0:02:08]} 18. Nd5 {[%emt 0:01:05]} Bxd5 {[%emt 0:03:59]} 19. cxd5 {[%emt 0:01:47]} Nd6 {[%emt 0:00:34]} 20. Rc1 {[%emt 0:01:27]} Qd7 {[%emt 0:02:53]} 21. Nc5 {[%emt 0:02:00]} Qe7 {[%emt 0:00:37]} 22. Ne6 {[%emt 0:01:21]} Rfc8 {[%emt 0:04:53]} 23. Rc3 {[%emt 0:02:21]} a5 {[%emt 0:06:55]} 24. Rfc1 {[%emt 0:03:26]} a4 {[%emt 0:00:13]} 25. Qd1 {[%emt 0:00:20]} Bh6 {[%emt 0:03:04]} 26. Rxc7 {[%emt 0:04:29]} Bxe3+ {[%emt 0:00:23]} 27. Kh1 {[%emt 0:00:13]} Rxc7 {[%emt 0:15:24]} 28. Rxc7 {[%emt 0:01:07]} Qxc7 {[%emt 0:00:05]} 29. Nxc7 {[%emt 0:00:27]} Rc8 {[%emt 0:00:02]} 30. Qc2 {[%emt 0:04:43]} Bb6 {[%emt 0:00:24]} 31. Qxa4 {[%emt 0:01:43]} Rxc7 {[%emt 0:00:07]} 32. h4 {[%emt 0:00:56]} Nf5 {[%emt 0:02:55]} 33. d6 {[%emt 0:05:40]} Rc1+ {[%emt 0:00:30]} 34. Kh2 {[%emt 0:00:30]} Kg7 {[%emt 0:00:30]} 35. d7 {[%emt 0:00:30]} Ne3 36. Qb4 Bd4 {[%emt 0:05:17]} 37. Qe7+ {[%emt 0:05:50]} Kh6 {[%emt 0:00:06]} 38. Qf8+ {[%emt 0:00:03]} Kh5 {[%emt 0:00:06]} 39. Bf3+ {[%emt 0:47:08]} 1-0